Сочинения: в 30 т.

Dades bibliogràfiques
Idioma:rus
Publicat: Москва, Государственное изд-во, 1925-1936
Edició:3-е изд.
Format: MixedMaterials Llibre
KOHA link:https://koha.lib.tpu.ru/cgi-bin/koha/opac-detail.pl?biblionumber=271079

MARC

LEADER 00000nam1a2200000 4500
001 271079
005 20260313170821.0
035 |a (RuTPU)RU\TPU\book\294260 
090 |a 271079 
100 |a 20141003g19251936k||y0rusy50 ca 
101 0 |a rus 
102 |a RU 
200 1 |a Сочинения  |e в 30 т.  |f В. И. Ленин  |g Институт Ленина 
205 |a 3-е изд. 
210 |a Москва  |a Ленинград  |c Государственное изд-во  |d 1925-1936 
801 1 |a RU  |b 63413507  |c 20141003 
801 2 |a RU  |b 63413507  |c 20141006  |g RCR 
942 |c BK